00355nam a2200145Ia 4500008004100000020001500041041001200056082001600068100001400084245002900098260003700127300000800164650001500172700002200187221030s9999 xx 000 0 und d a8176295019 aEnglish a105.23bShi aS. Shirur 0aCreativity In Management bDeep & Deep PubaNew Delhic2004 a174 aManagement aN. U. K. Sherwani